MALAYSIA : (Record no. 195438)

MARC details
000 -LEADER
fixed length control field 00963nam a2200277 4500
003 - CONTROL NUMBER IDENTIFIER
control field OSt
005 - DATE AND TIME OF LATEST TRANSACTION
control field 20240326101309.0
008 - FIXED-LENGTH DATA ELEMENTS--GENERAL INFORMATION
fixed length control field 240321s2012 my ao gr 000 0 may d
020 ## - INTERNATIONAL STANDARD BOOK NUMBER
International Standard Book Number 9789676125927
Terms of availability RM 0.00
Qualifying information paperback
040 ## - CATALOGING SOURCE
Original cataloging agency PPAK
Language of cataloging eng
Transcribing agency PPAK
Description conventions rda
082 04 - DEWEY DECIMAL CLASSIFICATION NUMBER
Edition number 23
Classification number 959.505
090 00 - LOCALLY ASSIGNED LC-TYPE CALL NUMBER (OCLC); LOCAL CALL NUMBER (RLIN)
Classification number (OCLC) (R) ; Classification number, CALL (RLIN) (NR) 959.505
Feature heading AZM
Feature heading G
100 0# - MAIN ENTRY--PERSONAL NAME
Personal name Azmah Abd. Manaf
Relator term Author
245 00 - TITLE STATEMENT
Title MALAYSIA :
Remainder of title GERAKAN KESADARAN & NASIONALISME /
Statement of responsibility, etc. AZMAH ABD. MANAF
264 #1 - PRODUCTION, PUBLICATION, DISTRIBUTION, MANUFACTURE, AND COPYRIGHT NOTICE
Place of production, publication, distribution, manufacture Kuala Lumpur, Malaysia :
Name of producer, publisher, distributor, manufacturer Utusan Publications & Distributors Sdn Bhd,
Date of production, publication, distribution, manufacture, or copyright notice 2012
300 ## - PHYSICAL DESCRIPTION
Extent xi, 61 pages :
Other physical details illustrations ;
Dimensions 24cm.
336 ## - CONTENT TYPE
Content type term text
Source rdacontent
337 ## - MEDIA TYPE
Media type term unmediated
Source rdamedia
338 ## - CARRIER TYPE
Carrier type term volume
Source rdacarrier
490 1# - SERIES STATEMENT
Series statement SIRI PENDIDIKAN JARAK JAUH
504 ## - BIBLIOGRAPHY, ETC. NOTE
Bibliography, etc. note Bibliography : 138 - 141 pages
650 10 - SUBJECT ADDED ENTRY--TOPICAL TERM
Topical term or geographic name entry element Nationalism
General subdivision History
Geographic subdivision Malaysia
Topical term or geographic name entry element Malaysia
Form subdivision Politics and government
General subdivision History
830 #0 - SERIES ADDED ENTRY--UNIFORM TITLE
Uniform title SIRI PENDIDIKAN JARAK JAUH
942 ## - ADDED ENTRY ELEMENTS (KOHA)
Source of classification or shelving scheme Dewey Decimal Classification
Koha item type Book
Holdings
Withdrawn Not for loan Current library Shelving location Date acquired Total Checkouts Total Renewals Full call number Barcode Date last seen Date last checked out Koha item type
    Perpustakaan Kulim Pinjaman Dewasa 09/05/2024 3 1 959.505 AZM A00748185 19/04/2026 05/04/2026 Book